|
|
|
|
| LEADER |
00000nam0a2200000 4500 |
| 001 |
331652 |
| 005 |
20231102004358.0 |
| 035 |
|
|
|a (RuTPU)RU\TPU\book\357511
|
| 090 |
|
|
|a 331652
|
| 100 |
|
|
|a 20170502d1971 km y0rusy50 ca
|
| 101 |
0 |
|
|a rus
|
| 102 |
|
|
|a RU
|
| 105 |
|
|
|a a z 001zy
|
| 200 |
1 |
|
|a Разрушение горных пород взрывом и определение параметров буровзрывных работ
|f В. И. Машуков, С. И. Дехтярев
|
| 210 |
|
|
|a Кемерово
|c Кемеровское кн. изд-во
|d 1971
|
| 215 |
|
|
|a 211 с.
|c ил.
|
| 320 |
|
|
|a Библиогр.: с. 204-209
|
| 606 |
1 |
|
|a Горные породы
|x Разрушение при взрывании
|x Исследование
|2 stltpush
|3 (RuTPU)RU\TPU\subj\8047
|9 35540
|
| 610 |
1 |
|
|a определение
|
| 610 |
1 |
|
|a взрывы
|
| 610 |
1 |
|
|a параметры
|
| 610 |
1 |
|
|a буровзрывные работы
|
| 610 |
1 |
|
|a заряды
|
| 610 |
1 |
|
|a размеры
|
| 610 |
1 |
|
|a эмпирические зависимости
|
| 610 |
1 |
|
|a отбойка
|
| 610 |
1 |
|
|a аппаратура
|
| 610 |
1 |
|
|a исследования
|
| 610 |
1 |
|
|a скорость
|
| 610 |
1 |
|
|a массивы
|
| 610 |
1 |
|
|a энергия
|
| 675 |
|
|
|a 622.236.4
|v 4
|
| 700 |
|
1 |
|a Машуков
|b В. И.
|g Владимир Иванович
|
| 701 |
|
1 |
|a Дехтярев
|b С. И.
|g Семен Иванович
|
| 801 |
|
1 |
|a RU
|b 63413507
|c 20170502
|
| 801 |
|
2 |
|a RU
|b 63413507
|c 20170502
|g RCR
|
| 942 |
|
|
|c BK
|